000 01164nam a2200325 a 4500
999 _c455515
_d455515
003 BLK
005 20241216153703.0
008 180411b bul|||||r ||||||| ||bul||
010 _aKNG00181361000
020 _a9786191644674
040 _aBLK
041 _aBUL
_cBUL
072 7 _2bullib
_aН83
_xЧужда художествена литература Н
080 _aАнглийска литература
_b821.111
_x-31
_z821.111-31
100 1 _aХоукинс, Паула
_eпърви автор
_9339403
139 _aХоукинс, Паула
_bХ 70
240 _aA Slow Fire Burning
245 1 0 _aБавно тлеещ огън
_bРоман
_cПаула Хоукинс; прев. от англ. Марианна Панова.
257 _aGBR
260 _bEnthusiast
_c2022
_aСофия
300 _a311 с.
_c21 см
380 _aX
700 _aПанова, Марианна Георгиева
_eпрев. от англ.
_9402490
852 _aЦб 314187
_bЦб
856 4 _qpdf
_i0.00
_ldisable
856 4 _qpdf
_i0.00
_ldisable
942 _cKNG
_n0
_082
_s1
944 _k30576
_aED
_lЦветомила Тодорова
999 _d455515